Kraje w Kalendarzu MotoGP 2024 - Statystyki

Ogólne statystyki
  • Ten quiz został rozwiązany 66 razy
  • Średni wynik to 16 z 21
Statystyki odpowiedzi
Runda Kraj % Poprawnych
3 USA
95%
7 Włochy
93%
14 Włochy (GP San Marino)
93%
4 Hiszpania
91%
13 Hiszpania (GP Aragonii)
91%
6 Hiszpania (GP Katalonii)
91%
21 Hiszpania (GP Walencji)
91%
10 Niemcy
89%
5 Francja
87%
18 Australia
80%
17 Japonia
80%
11 Wielka Brytania
80%
12 Austria
75%
9 Holandia
71%
1 Katar
71%
2 Portugalia
71%
16 Indonezja
58%
19 Tajlandia
56%
15 Indie
53%
20 Malezja
53%
8 Kazachstan
18%
Nie znaleziono quizów pasujących do podanych kryteriów
Rozkład punktacji
Procent ludzi z każdym wynikiem
Percentyl według liczby udzielonych odpowiedzi
Twoja historia wyników
Nie rozwiązałeś tego quizu